| 000 -LEADER |
| fixed length control field |
00422nam a2200145 4500 |
| 022 ## - INTERNATIONAL STANDARD SERIAL NUMBER |
| ISSN |
0037-9271 |
| 040 ## - CATALOGING SOURCE |
| Transcribing agency |
MUL |
| 082 ## - DEWEY DECIMAL CLASSIFICATION NUMBER |
| Classification number |
333 FRA 1832 C284 Or. |
| 110 2# - MAIN ENTRY--CORPORATE NAME |
| Corporate name or jurisdiction name as entry element |
Soci©♭t©♭ entomologique de France. |
| 245 10 - TITLE STATEMENT |
| Title |
Annales de la Soci©♭t©♭ entomologique de France |
| 300 ## - PHYSICAL DESCRIPTION |
| Number of Pages |
volumes : |
| Other physical details |
illustrations ; |
| Dimensions |
27 cm |
| 650 #0 - SUBJECT ADDED ENTRY--TOPICAL TERM |
| Topical Term |
Entomology |
| 710 2# - ADDED ENTRY--CORPORATE NAME |
| Corporate name or jurisdiction name as entry element |
Soci©♭t©♭ entomologique de France. |
| 942 ## - ADDED ENTRY ELEMENTS (KOHA) |
| Koha item type |
ADB |
| 952 ## - LOCATION AND ITEM INFORMATION (KOHA) |
| Withdrawn status [LOCAL, KOHA] |
0 |